Statistics for First Female Governors by State

Click here to take the quiz!

General Stats

  • This quiz has been taken 13 times
  • The average score is 5 of 28

Answer Stats

StatePartyFirst Year in OfficeGovernor% Correct
AlaskaR2006Sarah Palin
73%
AlabamaD1967Lurleen Wallace
64%
South CarolinaR2011Nikki Haley
64%
IowaR2017*Kim Reynolds
45%
OklahomaR2011*Mary Fallin
45%
Rhode IslandD2015*Gina Raimondo
36%
New MexicoR2011*Susana Martinez
36%
MichiganD2003Jennifer Granholm
27%
LouisianaD2004Kathleen Blanco
18%
HawaiiR2002Linda Lingle
18%
North CarolinaD2009Bev Perdue
9%
New JerseyR1994Christine Todd Whitman
9%
WashingtonD1977Dixy Lee Ray
9%
NebraskaR1987Kay Orr
9%
KentuckyD1983Martha Collins
9%
TexasD1925Miriam Ferguson
9%
WyomingD1925Nellie Ross
9%
UtahR2003Orlene Walker
9%
OregonD1991Barbara Roberts
0%
ConnecticutD1975Ella T. Grasso
0%
MassachusettsR2001Jane Swift
0%
KansasD1991Joan Finney
0%
MontanaR2001Judy Martz
0%
VermontD1985Madeleine Kunin
0%
OhioR1998Nancy Hollister
0%
ArizonaD1988Rose Mofford
0%
DelawareD2001Ruth Ann Minner
0%
New HampshireR1982Vesta Roy
0%

Score Distribution

Percentile by Number Answered

Percent of People with Each Score

Your Score History

You have not taken this quiz